Responses for show #7023 - Wednesday, March 11, 2015

Kristin Sausville game 1.

Contestants

[<< previous game]

Jim Luh, an attorney from Bethesda, Maryland

Kristin Sausville, a stay-at-home mom from Newark, Delaware

Penny Reid, a newspaper copy editor from Bloomington, Indiana (whose 1-day cash winnings total $22,400)

[next game >>]

Jeopardy! Round responses

CHAPTER 1, VERSE 1
(Alex: We'll give you [*], you give us the Bible book that line is from.)
THE WESTERN HEMISPHERE
YOU DO THE MATH
THEY WERE ALL "YELLOW"
WOMEN'S CLOTHING
WHO'S ON TV?
    $200 21
Genesis

Penny
    $200 8
the Panama Canal

Jim
    $200 26
(Penny: What is 20?)
...
(Alex: [*]; 16 and 8.)

24

PennyKristin
    $200 1
yellow fever

Jim
    $200 6
a boat

Penny
    $200 15
Raymond

Penny
    $400 22
(Kristin: What is Proverbs?)

Psalms

Kristin
Triple Stumper
    $400 9
Michigan

Kristin
    $400 27
25

Penny
    $400 2
the Yellowstone

Penny
    $400 7
a camisole (or "cami")

Kristin
    $400 16
Chris

Penny
    $600 23
Matthew

Kristin
    $600 10
Mexico

Kristin
    $600 28
10

Jim
    $600 3
a yellow flag

Penny
    $600 12
crepe

Penny
    $600 17
Sabrina

Kristin
    $800 24
(Jim: What is Leviticus?)
(Penny: What is Exodus?)
(Kristin: What is Deuteronomy?)
...
(Alex: No harm, no foul; you all missed the book of [*]. But Kristin, you pick the next clue.)

Joshua

PennyKristinJim
Triple Stumper
    $800 11
Tierra del Fuego

Penny
    $800 29
(Alex: Yes. A gross is 144.)

12

Penny
    $800 4
(Penny: What is yellow fin tuna?)

yellowtail

PennyJim
    $800 13
(Alex: I don't know what it looks like, [*]. Penny, back to you.)

a Juliet sleeve

Triple Stumper
    $800 19
Charles

Penny
    $1,800 25
(Kristin: What is Numbers?)

Exodus

Kristin
    $1000 18
Miquelon

Triple Stumper
    $1000 30
(Kristin: What is 6?)
(Penny: What is 7?)
...
(Alex: Yes, 13 colonies, 5 planets outside of us.)

8

PennyKristinJim
    $1000 5
yellow cake

Penny
    $1000 14
a tulip skirt

Triple Stumper
    $1000 20
Jane

Kristin

Scores at the first commercial break (after clue 15):

Penny Kristin Jim
$3,000 $1,400 $1,200

Scores at the end of the Jeopardy! Round:

Penny Kristin Jim
$3,600 -$200 $2,000

Double Jeopardy! Round responses

LITERA-SEA
THE OSCAR-WINNING DIRECTOR
SPY TECH
ELEMENTARY WORDS
(Alex: Each correct response will be a shorter word that is formed from some of the letters in "elementary".)
IRISH HISTORY
(Alex: And Ireland, of course...)
THE EMERALD AISLE
    $400 9
Homer

Kristin
    $400 1
(Alex: And with that, you're out of the hole.)

James Cameron

Kristin
    $400 7
(Penny: What are drones?)

antennas

PennyJim
    $400 30
later

Kristin
    $400 6
the Parliament

Jim
    $400 22
Thailand

Jim
    $2,000 10
"20,000 Leagues Under the Sea"

Kristin
    $800 2
Kevin Costner

Kristin
    $800 8
baking soda

Kristin
    $800 20
an antler

Jim
    $800 14
Sinn Fein

Jim
    $800 26
Seattle

Kristin
    $1200 11
(Horatio) Hornblower

Penny
    $1200 3
Peter Jackson

Kristin
    $1200 15
card counters

Jim
    $1200 19
eternal

Penny
    $1200 27
the Vikings

Kristin
    $1200 25
Frank Baum

Penny
    $1600 12
The Sea-Wolf

Triple Stumper
    $1600 4
Clint Eastwood

Kristin
    $1600 16
"burst"

Triple Stumper
    $1600 18
the Army

Penny
    $1600 28
(St.) Bridget

Kristin
    $1600 23
Colombia

Triple Stumper
    $2000 13
"Master and Commander"

Kristin
    $2000 5
(Alex: Well done.)
[Applause for Kristin's run of the category]
(Alex: You're at $5,800 and in the lead after just one category.)
(Kristen: All right. Hopefully let's keep it going. Let's try IRISH HISTORY for $400.)

Ang Lee

Kristin
    $1,200 17
People's Liberation Army

Jim
    $2000 21
a lament

Penny
    $2000 29
"Tiger"

Penny
    $2000 24
(Alfred) Van Cleef

Jim

Scores at the end of the Double Jeopardy! Round:

Penny Kristin Jim
$12,400 $15,000 $9,200

[wagering suggestions for these scores]

Final Jeopardy! Round responses

2014 ALBUMS
(Alex: [To Jim] And you wrote his name correctly, with a "C" at the end.)
...
(Alex: [To Penny] You got him, even though you put in an "H".)
JimWho is Weird Al Yankovic?
$3,000
PennyWho is Weird Al Yankovich
$6,100
KristinWho is Weird Al Yankovich?
$9,801
"Weird Al" Yankovic

Final scores:

Penny Kristin Jim
$18,500 $24,801 $12,200
2nd place: $2,000 New champion: $24,801 3rd place: $1,000

Game dynamics:

Coryat scores:

Penny Kristin Jim
$12,400 $15,600 $10,000
18 R,
5 W
20 R
(including 1 DD),
4 W
(including 1 DD)
13 R
(including 1 DD),
1 W

Combined Coryat: $38,000

The J! Archive is created by fans, for fans. The Jeopardy! game show and all elements thereof, including but not limited to copyright and trademark thereto, are the property of Jeopardy Productions, Inc. and are protected under law. This website is not affiliated with, sponsored by, or operated by Jeopardy Productions, Inc. Join the discussion at JBoard.tv.